[Event "Candidates Tournament"]
[Site "Khanty-Mansiysk"]
[Date "2014.03.18"]
[Round "5"]
[White "Andreikin, Dmitry"]
[Black "Anand, Viswanathan"]
[Result "1/2-1/2"]
[WhiteElo "2709"]
[BlackElo "2770"]
[Annotator "ChessBase Website"]
[PlyCount "84"]
[EventDate "2014.03.13"]
[EventType "tourn"]
[EventRounds "14"]
[EventCountry "RUS"]
[EventCategory "21"]
[SourceTitle "CBM 160"]
[Source "ChessBase"]
[SourceDate "2014.05.15"]
[SourceVersion "1"]
[SourceVersionDate "2014.05.15"]
[SourceQuality "1"]
[TimeControl "40/7200:20/3600:900+30"]
[WhiteClock "0:32:08"]
[BlackClock "1:18:36"]

1. e4 {[%emt 0:00:06]} e5 {[%emt 0:00:11]} 2. Nf3 {[%emt 0:00:12]} Nc6 {
[%emt 0:00:07]} 3. Bb5 {[%emt 0:00:11]} Nf6 {[%emt 0:00:10]} 4. d3 {[%emt 0:00:
31] Andreikin's anti-Berlin left much to be desired and he was slowly
outplayed by Anand. He was able to pull himself together and organize a solid
defense, but Black's position was always superior. The simplification to the
endgame was well timed by the Russian and although it is arguable that Anand
could have pressed the final position a little, it was surely a drawn endgame.}
Bc5 {[%emt 0:00:10]} 5. Bxc6 {[%emt 0:00:25]} dxc6 {[%emt 0:00:09]} 6. Be3 {
[%emt 0:00:09]} (6. h3 Nd7 7. Be3 Bd6 8. Nc3 c5 9. O-O Nf8 10. Nd2 Ng6 11. Nc4
Be6 12. Ne2 Qd7 13. Nxd6+ cxd6 14. f4 exf4 15. Nxf4 Nxf4 16. Rxf4 b6 17. Qh5 d5
18. d4 c4 19. b3 Qc6 20. Raf1 O-O-O 21. bxc4 Qxc4 22. Rxf7 Bxf7 23. Rxf7 Rd7
24. Rxd7 Kxd7 25. exd5 g6 26. Qg4+ Kc7 27. Qe6 Kb7 28. Qe7+ Qc7 29. Qe4 Qd7 30.
d6+ Ka6 31. Bf4 Rc8 32. Kh2 Rc4 33. Bg3 Rc8 34. Qd3+ Kb7 35. c4 Qc6 {Carlsen,M
(2872)-Caruana,F (2782) Zuerich 2014 1-0}) 6... Bxe3 {[%emt 0:01:40]} 7. fxe3 {
[%emt 0:00:08]} Qe7 {[%emt 0:00:27]} 8. O-O {[%emt 0:01:48]} O-O $146 {[%emt 0:
00:26]} (8... Ng4 9. Qd2 f6 10. Nh4 g6 11. Nc3 Bd7 12. Rf3 f5 13. g3 Nf6 14.
exf5 g5 15. Ng2 e4 16. Nxe4 Nxe4 17. dxe4 O-O-O 18. Qa5 Qxe4 19. Qxa7 Bxf5 20.
Raf1 Bh3 21. Qa8+ Kd7 22. Qa3 Kc8 23. Qa8+ Kd7 24. Rf7+ Ke8 25. Rf8+ Rxf8 26.
Rxf8+ Kxf8 27. Qxd8+ Kf7 28. Qd2 Ke8 29. Ne1 Qc4 30. Qd3 Qb4 31. Nf3 Qxb2 32.
Nxg5 Qa1+ 33. Kf2 Qf6+ 34. Nf3 Bf5 35. Qd4 Qf7 36. Qh8+ Ke7 37. Qe5+ Kd7 38.
Qd4+ {Sutovsky,E (2655)-Carlsen,M (2714) Heraklio 2007 1/2-1/2 (86)}) 9. Qe1 {
[%emt 0:02:48]} Ne8 {[%emt 0:04:00]} 10. Qc3 {[%emt 0:14:44]} f6 {[%emt 0:00:
30]} 11. b4 {[%emt 0:01:40]} Nd6 {[%emt 0:03:40]} 12. a4 {[%emt 0:00:23]} Bd7 {
[%emt 0:02:33]} 13. Nbd2 {[%emt 0:01:17]} b6 {[%emt 0:01:55]} 14. a5 {[%emt 0:
00:52]} Kh8 {[%emt 0:10:16]} 15. Ra2 {[%emt 0:06:34]} Rab8 {[%emt 0:06:35]} 16.
axb6 {[%emt 0:12:41]} axb6 {[%emt 0:00:15]} 17. Qa1 {[%emt 0:05:23]} Nb7 {
[%emt 0:02:39]} 18. Qc3 {[%emt 0:08:01]} c5 {[%emt 0:01:31]} 19. bxc5 {[%emt 0:
00:12]} Nxc5 {[%emt 0:01:09]} 20. Ra7 {[%emt 0:00:33]} Rfc8 {[%emt 0:02:30]}
21. Rfa1 {[%emt 0:02:25]} b5 {[%emt 0:07:26]} 22. d4 {[%emt 0:27:17]} exd4 {
[%emt 0:05:45]} 23. exd4 {[%emt 0:02:30]} Nxe4 {[%emt 0:02:10]} 24. Nxe4 {
[%emt 0:01:02]} Qxe4 {[%emt 0:00:08]} 25. Rxc7 {[%emt 0:00:30]} Bf5 {[%emt 0:
08:25]} 26. Raa7 {[%emt 0:04:59]} h6 {[%emt 0:05:00]} 27. Qd2 {[%emt 0:03:09]}
Rxc7 {[%emt 0:00:37]} 28. Rxc7 {[%emt 0:00:05]} Bg4 {[%emt 0:03:01]} 29. Rc3 {
[%emt 0:03:43]} b4 {[%emt 0:02:36]} 30. Re3 {[%emt 0:02:52]} Qd5 {[%emt 0:00:
22]} 31. h3 {[%emt 0:01:24]} Bf5 {[%emt 0:00:16]} 32. Rb3 {[%emt 0:01:56]} Qc4
{[%emt 0:02:13]} 33. Rb2 {[%emt 0:00:55]} Be4 {[%emt 0:01:15]} 34. Kf2 {
[%emt 0:02:26]} Bxf3 {[%emt 0:06:42]} 35. Kxf3 {[%emt 0:01:39]} Rb5 {[%emt 0:
01:36]} 36. Qd3 {[%emt 0:00:59]} Qxd3+ {[%emt 0:07:41]} 37. cxd3 {[%emt 0:00:
06]} Kg8 {[%emt 0:00:30]} 38. d5 {[%emt 0:01:09]} Kf7 {[%emt 0:00:22]} 39. Ke4
{[%emt 0:00:42]} Ke7 {[%emt 0:00:11]} 40. Kd4 {[%emt 0:00:00]} Kd6 {[%emt 0:00:
00]} 41. Kc4 {[%emt 0:29:20]} Rc5+ {[%emt 0:03:13]} 42. Kd4 {[%emt 0:00:06]}
Rxd5+ {[%emt 0:01:02]} 1/2-1/2

[Event "Candidates Tournament"]
[Site "Khanty-Mansiysk"]
[Date "2014.03.18"]
[Round "5"]
[White "Kramnik, Vladimir"]
[Black "Aronian, Levon"]
[Result "1/2-1/2"]
[WhiteElo "2787"]
[BlackElo "2830"]
[Annotator "Krasenkow,M"]
[PlyCount "120"]
[EventDate "2014.03.13"]
[EventType "tourn"]
[EventRounds "14"]
[EventCountry "RUS"]
[EventCategory "21"]
[SourceTitle "CBM 160"]
[Source "ChessBase"]
[SourceDate "2014.05.15"]
[SourceVersion "1"]
[SourceVersionDate "2014.05.15"]
[SourceQuality "1"]

1. d4 Nf6 2. c4 e6 3. Nf3 d5 4. e3 b6 5. Nc3 Bb7 6. cxd5 exd5 7. Bb5+ c6 8. Bd3
{Another harmless system "just for play".} Be7 9. O-O O-O 10. b3 Nbd7 11. Bb2
Re8 (11... Bd6 {(preventing Nf3-e5) is played more often. Here are some
classic examples:} 12. Ne2 (12. Rc1 Re8 13. Ne2 Qe7 14. Ng3 g6 15. Qe2 Ba3 16.
Rfe1 Qd6 17. Qc2 Bxb2 18. Qxb2 c5 $11 {0-1 (80) Gelfand,B (2700)-Karpov,A 
(2780) Sanghi Nagar 1995 CBM 045 [Gelfand,B]}) 12... Re8 13. Ng3 g6 14. Rc1 a5
15. Qc2 Qe7 16. Rfe1 Ba3 $6 (16... Ne4 $5 $11 {M.Marin}) (16... Qf8 $5 {
Ivanchuk}) 17. Bxa3 Qxa3 18. h4 $36 Qd6 19. h5 Nf8 20. e4 $14 {0-1 (50)
Fressinet,L (2708)-Ivanchuk,V (2731) Elancourt 2013 CBM 157 [Marin,M]}) 12. Ne5
(12. Qc2 Rc8 13. Rac1 Bd6 14. Rfe1 g6 15. Ne2 Ne4 16. Ng3 f5 17. Re2 Qe7 18.
Nd2 Ba3 19. Ngf1 Bxb2 20. Qxb2 Qd6 $11 {1/2 (37) Berescu,A (2461)-Malakhatko,V
(2559) Abu Dhabi 2013}) (12. Ne2 Bf8 (12... Bd6 {- see above}) 13. Ng3 Rc8 14.
Qe2 g6 15. Rac1 Rc7 16. Ba6 Bxa6 17. Qxa6 Qc8 18. Qd3 Ne4 19. Rc2 Bg7 20. Rfc1
Qb7 21. Qe2 f5 $132 {0-1 (38) Malaniuk,V (2504)-Gavrilov,A (2498) Krakow 2012})
12... Bd6 {This move is unnecessary as White is planning to continue f2-f4
anyway.} (12... Bb4 13. f4 a6 14. Bf5 Nf8 15. Rc1 b5 16. Ne2 Qb6 17. Ng3 Bd6
18. Qc2 a5 19. Rf3 a4 20. Bd3 axb3 21. axb3 Ng6 22. Nf5 $36 {1-0 (40) Lukacs,P
(2480)-Votava,J (2440) Budapest 1995}) (12... a6 13. Ne2 c5 14. Ng3 Bf8 15. Rc1
g6 16. Rc2 Bg7 17. f4 Rc8 18. f5 Rc7 19. Nxd7 Rxd7 20. dxc5 bxc5 21. Rxc5 d4 $1
$132 22. e4 Nxe4 23. Bxe4 Bxe4 24. Nxe4 Rxe4 25. Qd3 Re8 {1/2 (50)
Gaprindashvili,V (2476)-Anastasian,A (2591) Batumi 2002}) (12... c5 13. f4 a6
14. Qf3 b5 15. Kh1 Ra7 16. Qh3 Ba8 17. Bf5 Nf8 18. dxc5 Bxc5 19. Ne2 Qb6 20.
Nd4 Rc7 21. Rac1 Bb7 22. Rc2 Bd6 23. Rxc7 Bxc7 24. Ng4 Bd8 {1/2 (33) Lukacs,P 
(2455)-Lau,R (2520) Budapest 1992}) 13. f4 {A double-edged move in such a
structure: White supports his e5-knight and develops his kingside initiative
but weakens the e4-square.} c5 14. Qf3 cxd4 15. exd4 Bb4 {Black is fighting
for the e4-square.} 16. Ne2 {This knight is not so valuable, it was better to
allow Black to take it.} (16. Rac1 $5) 16... Ne4 17. a3 Bf8 18. Rad1 a6 (18...
Ndf6 19. Bb5 Re7 {was quite possible, with a good position for Black.}) 19. a4
Rc8 ({Here, too,} 19... Ndf6 {was more accurate, preventing White's next move.}
) 20. Qh5 {White provokes ...g7-g6, weakening the position of Black's king.} g6
21. Qh3 Ndf6 $6 {Now this move is hardly appropriate.} (21... f5 {was quite
possible. If} 22. g4 {then} fxg4 23. Qxg4 Ndf6 24. Qg2 Rc7 {[%cal Yc7g7]}) 22.
f5 $1 $36 g5 $6 {Another weakening.} (22... Rc7 $5 {protecting the 7th rank})
23. Ng3 b5 $1 {Black must urgently activate his queen.} 24. axb5 Qb6 25. Kh1 (
25. bxa6 $5 Bxa6 26. Nxe4 $1 Nxe4 (26... dxe4 27. Bxa6 Qxa6 28. Qg3 h6 29. h4)
27. Nd7 $1 Qd6 28. Bxa6 Qxa6 29. f6 $40) 25... axb5 26. Bxe4 dxe4 27. d5 $1 {
[%csl Gb2][%cal Gb2h8]} e3 $1 28. Ng4 Nxg4 29. Qxg4 h6 30. Ne4 Rc2 $1 {[%mdl
512] Black defends very well. He sacrifices a queen for a rook and a knight
but creates strong counterplay.} 31. Nf6+ Qxf6 32. Bxf6 e2 33. Bxg5 Bxd5 $4 {
An absolutely crazy move!} (33... exf1=Q+ 34. Rxf1 hxg5 35. Qxg5+ Kh7 36. f6
Ree2 $1 {, and White has hardly anything better than perpetual.}) 34. Bxh6+ $6
{White is clearly bewildered.} (34. Bf6+ $142 Kh7 35. Rg1 Re4 36. Qf3 exd1=Q
37. Qxd1 {, and White should win.}) 34... Kh7 35. Bxf8 (35. Rg1 $1 Bxh6 36.
Rde1 {was still possible but now White's victory is less certain after, say,}
Re3) 35... exf1=Q+ 36. Rxf1 Rxg2 37. Qxg2 Bxg2+ 38. Kxg2 Rxf8 {[%mdl 4096]
Finally the players have reached a rook ending. Levon Aronian proves that
White's extra pawn can't be converted.} 39. Kf3 Kg7 40. Ke4 Rh8 41. Kd4 Rc8 (
41... Rh4+ $5 42. Kc5 b4) 42. Rf4 Kf6 43. h4 Re8 44. Kc5 Re5+ 45. Kd6 Re3 46.
Rb4 Kxf5 47. Rxb5+ Kg4 48. h5 f5 49. h6 Rh3 50. Ke5 Rxh6 51. Rb4+ Kf3 52. Kxf5
Ke3 53. Ke5 Kd3 54. Rb8 Kc3 55. b4 Kc4 56. Rb7 Rh5+ 57. Kd6 Rh6+ 58. Kd7 Rh7+
59. Kc6 Rxb7 60. Kxb7 Kxb4 1/2-1/2

[Event "Candidates Tournament"]
[Site "Khanty-Mansiysk"]
[Date "2014.03.19"]
[Round "6"]
[White "Anand, Viswanathan"]
[Black "Karjakin, Sergey"]
[Result "1/2-1/2"]
[WhiteElo "2770"]
[BlackElo "2766"]
[Annotator "ChessBase Website"]
[PlyCount "66"]
[EventDate "2014.03.13"]
[EventType "tourn"]
[EventRounds "14"]
[EventCountry "RUS"]
[EventCategory "21"]
[SourceTitle "CBM 160"]
[Source "ChessBase"]
[SourceDate "2014.05.15"]
[SourceVersion "1"]
[SourceVersionDate "2014.05.15"]
[SourceQuality "1"]
[TimeControl "40/7200:20/3600:900+30"]
[WhiteClock "0:51:11"]
[BlackClock "0:23:17"]

1. e4 {[%emt 0:00:03]} e5 {[%emt 0:00:07]} 2. Nf3 {[%emt 0:00:07]} Nc6 {
[%emt 0:00:03]} 3. Bb5 {[%emt 0:00:07]} Nf6 {[%emt 0:00:06]} 4. O-O {[%emt 0:
00:25]} Nxe4 {[%emt 0:00:04]} 5. d4 {[%emt 0:00:08]} Nd6 {[%emt 0:00:08]} 6.
Bxc6 {[%emt 0:00:07]} dxc6 {[%emt 0:00:05]} 7. dxe5 {[%emt 0:00:08]} Nf5 {
[%emt 0:00:06]} 8. Qxd8+ {[%emt 0:00:08]} Kxd8 {[%emt 0:00:07]} 9. h3 {[%emt 0:
00:08]} Ke8 {[%emt 0:00:52]} 10. Nc3 {[%emt 0:00:16]} h5 {[%emt 0:00:08]} 11.
Bf4 {[%emt 0:00:17]} (11. Ne2 Be7 12. Re1 Be6 13. Ned4 Nxd4 14. Nxd4 Bc8 15.
Bf4 c5 16. Nb5 Bd8 17. e6 Bxe6 18. Rad1 Ke7 19. Nxc7 Bxc7 20. Bxc7 Rac8 21.
Bd6+ {1/2-1/2 (21) Fressinet,L (2710)-Giri,A (2749) Germany 2014}) 11... Be7 {
[%emt 0:01:20]} 12. Rad1 {[%emt 0:00:24]} Be6 {[%emt 0:00:54]} 13. Ng5 {
[%emt 0:00:42]} Rh6 {[%emt 0:00:10]} 14. Rfe1 {[%emt 0:00:15]} Bb4 {[%emt 0:00:
48]} 15. g4 {[%emt 0:00:24] Anand prepared a long variation against the Berlin
endgame, but Karjakin responded in the most logical and ultra-solid way. The
Indian player was unable to prove any kind of advantage and the players agreed
to a draw in a position that already seemed completely locked up by Black's
passive but untouchable pieces.} hxg4 {[%emt 0:00:10]} 16. hxg4 {[%emt 0:00:08]
} Ne7 {[%emt 0:00:18]} 17. Nxe6 {[%emt 0:00:25]} Rxe6 {[%emt 0:00:08]} 18. Kg2
{[%emt 0:00:12]} Bxc3 {[%emt 0:02:38]} 19. bxc3 {[%emt 0:01:14]} Rd8 {[%emt 0:
09:47]} 20. Rxd8+ $146 {[%emt 0:01:07]} (20. Rb1 b5 21. Kg3 Rd5 22. c4 Rc5 23.
Re4 a6 24. Rb3 Ng6 25. Ra3 f6 26. Rxa6 Nxf4 27. Kxf4 Rexe5 28. Rxe5+ fxe5+ 29.
Kf5 Kf7 30. Ra7 g6+ 31. Kg5 e4+ 32. Kh6 Rxc4 33. Rxc7+ Ke6 34. g5 Rxc2 35. Kxg6
Rxf2 36. Rxc6+ Kd5 37. Rb6 Kc5 38. Re6 Kd4 39. Rd6+ Kc5 40. Re6 Kd4 41. Rd6+
Kc5 42. Re6 {1/2-1/2 (42) Karjakin,S (2786)-Grischuk,A (2764) Moscow 2013})
20... Kxd8 {[%emt 0:01:17]} 21. Rh1 {[%emt 0:00:09]} Nd5 {[%emt 0:23:50]} 22.
Bg3 {[%emt 0:03:21]} g5 {[%emt 0:06:03]} 23. c4 {[%emt 0:09:49]} Nc3 {[%emt 0:
06:47]} 24. Kf3 {[%emt 0:14:47]} Rg6 {[%emt 0:23:40]} 25. a3 {[%emt 0:08:06]}
Na4 {[%emt 0:09:06]} 26. Ke4 {[%emt 0:05:28]} Nc5+ {[%emt 0:00:30]} 27. Kf5 {
[%emt 0:00:11]} Ne6 {[%emt 0:00:22]} 28. Rh8+ {[%emt 0:06:53]} Kd7 {[%emt 0:00:
16]} 29. c3 {[%emt 0:09:46]} Ng7+ {[%emt 0:03:45]} 30. Ke4 {[%emt 0:00:15]} Ne6
{[%emt 0:00:04]} 31. f3 {[%emt 0:02:04]} c5 {[%emt 0:00:37]} 32. Bf2 {[%emt 0:
00:19]} a6 {[%emt 0:02:22]} 33. Be3 {[%emt 0:00:56]} b6 {[%emt 0:00:05]}
1/2-1/2